|
|
|
|
| LEADER |
01276nam a2200361 a 4500 |
| 001 |
5326 |
| 003 |
BD-DhAAL |
| 005 |
20151125235007.0 |
| 008 |
150918s2002 enka sb 001 0 eng d |
| 020 |
|
|
|a 8176494623
|
| 020 |
|
|
|z 1854182617
|z 1854182072
|
| 040 |
|
|
|a CtWfDGI
|c CtWfDGI
|d NIC
|d BD-DhAAL
|
| 050 |
|
4 |
|a HD57.7
|b .A335 2002b
|
| 082 |
1 |
4 |
|a 658.4/092
|2 22
|
| 100 |
1 |
|
|a Adair, John Eric,
|d 1934-
|9 14775
|
| 245 |
1 |
0 |
|a Inspiring leadership :
|b learning from great leaders /
|c John Adair.
|
| 256 |
|
|
|a Computer document.
|
| 260 |
|
|
|a London :
|a New Delhi :
|b Thorogood Publishing,
|b Viva Books,
|c 2005
|
| 300 |
|
|
|a 366 p. :
|b ill. ;
|c 24 cm.
|
| 500 |
|
|
|a Title from title screen.
|
| 504 |
|
|
|a Includes bibliographic references and index.
|
| 541 |
|
|
|e 5326
|
| 650 |
|
0 |
|a Leadership.
|9 14776
|
| 650 |
|
0 |
|a Decision making.
|9 14777
|
| 650 |
|
0 |
|a Executive ability.
|9 14778
|
| 650 |
|
0 |
|a Management.
|9 14779
|
| 650 |
|
7 |
|a Decision making
|2 fast
|9 14777
|
| 650 |
|
7 |
|a Executive ability
|2 fast
|9 14778
|
| 650 |
|
7 |
|a Leadership
|2 fast
|9 14776
|
| 650 |
|
7 |
|a Management
|2 fast
|9 14779
|
| 942 |
|
|
|2 ddc
|c BK
|
| 999 |
|
|
|c 35590
|d 35590
|
| 952 |
|
|
|0 0
|1 0
|2 ddc
|4 0
|6 658_400000000000000_092_ADA
|7 0
|9 55969
|a SCL
|b SCL
|c GEN
|d 2015-09-18
|g 558.00
|l 0
|o 658.4092 ADA
|p 3020005326
|r 2015-09-18
|t 1
|w 2015-09-18
|y BK
|